书目信息 |
| 题名: |
ASP.NET 2.0+SQL Server中小型信息系统开发实例精选
|
|
| 作者: | 梁旭 , 段竹 , 黄明 编著 | |
| 分册: | ||
| 出版信息: | 北京 机械工业出版社 2007.03 |
|
| 页数: | 210页 | |
| 开本: | 26cm | |
| 丛书名: | 高等院校计算机专业毕业设计指导及开发实例丛书 | |
| 单 册: | ||
| 中图分类: | TP393.092 | |
| 科图分类: | ||
| 主题词: | 主页制作--zhu ye zhi zuo--程序设计--高等学校--教学参考资料 | |
| 电子资源: | ||
| ISBN: | 978-7-111-20943-0 | |
| 000 | 01308nam 2200265 450 | |
| 001 | 012007545525 | |
| 005 | 20070927104005.35 | |
| 010 | @a978-7-111-20943-0@dCNY22.00 | |
| 100 | @a20070628d2007 km y0chiy0120 ea | |
| 101 | 0 | @achi |
| 102 | @aCN@b110000 | |
| 105 | @aa z 000yy | |
| 200 | 1 | @aASP.NET 2.0+SQL Server中小型信息系统开发实例精选@AASP.NET 2.0+SQL Server zhong xiao xing xin xi xi tong kai fa shi li jing xuan@f黄明, 梁旭, 段竹编著@Fhuang ming,liang xu,duan zhu bian zhu |
| 210 | @a北京@c机械工业出版社@d2007.03 | |
| 215 | @a210页@c图@d26cm | |
| 225 | 2 | @a高等院校计算机专业毕业设计指导及开发实例丛书@Agao deng yuan xiao ji suan ji zhuan ye bi ye she ji zhi dao ji kai fa shi li cong shu |
| 330 | @a本书针对高等院校计算机专业的学生,指导他们使用ASP.NET进行毕业设计。书中重点介绍了5个系统实例:学生管理系统、人事管理系统、图书管理系统、项目管理系统和论坛管理系统、每个实例都按引言、需求分析、总体设计、数据库设计、详细设计、系统维护与改进6个阶段进行详细分析。 | |
| 410 | 0 | @12001 @a高等院校计算机专业毕业设计指导及开发实例丛书 |
| 606 | 0 | @a主页制作@Azhu ye zhi zuo@x程序设计@x高等学校@j教学参考资料 |
| 690 | @aTP393.092@v4 | |
| 701 | 0 | @a梁旭@Aliang xu@4编著 |
| 701 | 0 | @a段竹@Aduan zhu@4编著 |
| 701 | 0 | @a黄明@Ahuang ming@4编著 |
| 801 | 0 | @aCN@c20070927 |
| 905 | @dTP393.092@eH862 | |
| ASP.NET 2.0+SQL Server中小型信息系统开发实例精选/黄明, 梁旭, 段竹编著.-北京:机械工业出版社,2007.03 |
| 210页:图;26cm.-(高等院校计算机专业毕业设计指导及开发实例丛书) |
| ISBN 978-7-111-20943-0:CNY22.00 |
| 本书针对高等院校计算机专业的学生,指导他们使用ASP.NET进行毕业设计。书中重点介绍了5个系统实例:学生管理系统、人事管理系统、图书管理系统、项目管理系统和论坛管理系统、每个实例都按引言、需求分析、总体设计、数据库设计、详细设计、系统维护与改进6个阶段进行详细分析。 |
| ● |
| 相关链接 |
|
|
|
正题名:ASP.NET 2.0+SQL Server中小型信息系统开发
索取号:TP393.092/H862
 
预约/预借
| 序号 | 登录号 | 条形码 | 馆藏地/架位号 | 状态 | 备注 |
| 1 | 244201 | 202442017 | 自科库301/301自科库 126排1列5层/ [索取号:TP393.092/H862] | 在馆 | |
| 2 | 244202 | 202442026 | 自科库301/ [索取号:TP393.092/H862] | 在馆 |